Normal view
MARC view
- Picturepedia
Entry Topical Term
001 - CONTROL NUMBER
- control field: 130970
003 - CONTROL NUMBER IDENTIFIER
- control field: NUST
005 - DATE AND TIME OF LATEST TRANSACTION
- control field: 20251007103838.0
008 - FIXED-LENGTH DATA ELEMENTS
- fixed length control field: 251007|| aca||aabn | a|a d
040 ## - CATALOGING SOURCE
- Original cataloging agency: NUST
- Transcribing agency: NUST
150 ## - HEADING--TOPICAL TERM
- Topical term or geographic name entry element: Picturepedia
670 ## - SOURCE DATA FOUND
- Source citation: Work cat.: (NUST): Dorling Kindersley 130969, Picturepedia, 2015.
